Statistics for Countries with Wild Zebra

Click here to take the quiz!

General Stats

  • This quiz has been taken 196 times
  • The average score is 14 of 16

Answer Stats

SpeciesCountry% Correct
2Kenya
97%
1Democratic Republic of the Congo
95%
2South Africa
95%
1Tanzania
95%
1Zimbabwe
92%
1Zambia
90%
1Angola
89%
1Mozambique
89%
2Namibia
89%
1Botswana
87%
2Ethiopia
85%
1Uganda
85%
1Rwanda
82%
1Malawi
80%
1Eswatini
79%
1South Sudan
67%

Score Distribution

Percentile by Number Answered

Percent of People with Each Score

Your Score History

You have not taken this quiz